000 00629nam a2200229Ia 4500
005 20260429111851.0
008 260429s9999||||xx |||||||||||||| ||und||
020 _a9781324073321
041 _aEnglish
082 _a540
_bGIL
100 _aGilbert, Thomas R.
245 0 _aChemistry :
_ban atoms-focused approach /
_cThomas R. Gilbert
250 _a4th ed.
260 _aLondon :
_bW.W. Norton and Company,
_c2025.
300 _axxxvi, 969 p. ; hb
650 _aChemistry
700 _a Bliem, Carribeth
700 _a Bretz, Stacey Lowery
700 _a Curtis, Anna C.
700 _a Kirss, Rein V.
942 _cTB
999 _c51199
_d51199